000 00823nam a2200229Ii 4500
003 JO-AjNU
008 230605s9999||||xx |||||||||||||| ||und||
017 _a2003/5/594
020 _a9957-11-344-5
040 _aJO-AjNU
_bara
_erda
_cJO-AjNU
041 _aara
050 1 4 _aHD53.N35 2015
100 3 _aنجم،نجم عبود,
_eauthor
_964025
245 0 0 _aإدارة الإبتكار المفاهيم والخصائص والتجارب الحديثة
250 _aط2
264 3 1 _aعمان:دار وائل للنشر والتوزيع ،2015
300 _a400ص
336 _atext
_btxt
_2rdacontent
337 _aunmediated
_bn
_2rdamedia
338 _avolume
_bnc
_2rdacarrier
650 4 _aادارة الاعمال -ادارة الافراد-الاادارة-سياسة العمل-الابداعية
_964026
999 _aA29071
_c32639
_d32639